000 00656nam a2200205 i 4500
001 37755
003 ES-MaACL
005 20230906155634.0
007 t|
008 030221s1921 sp |||| | spa d
100 1 _aCadalso, Fernando.
_933372
245 1 3 _aLa libertad condicional, el indulto y la amnistía con un apéndice relativo a la condena condicional /
_cpor Fernando Cadalso y Manzano.
260 _aMadrid :
_bJesús López,
_c1921.
300 _aVIII, 323 p. ;
_c23 cm.
650 4 _aLibertad condicional.
_9136405
650 4 _aIndulto.
_9155559
650 0 4 _aAmnistía.
_99753
852 _aES-MaACL
_jB-3587
852 _aES-MaACL
_jG-15023
999 _c37755
_d37755